Broadway Back-and-Forth Quiz Stats

 Plays Quiz not verified by Sporcle

Score 0/10 Timer 07:00
0 Plays Today
% Correct
Always ten steps behind
89.9%
Oh, the wax, it's-
89.1%
A heart full of love
88.8%
Who's Fred Casely?
86.8%
Hello. My name is-
82.9%
Some things are meant to be, the clouds moving fast and free
74.8%
That's the way that this song goes
70.9%
Potter?
67.5%
And we got no choice but to see it through
62.3%
Freedom is scary. It's a blast of cool wind that burns your face to wake you up
56.1%

You're not logged in!

Compare scores with friends on all Sporcle quizzes.
OR
Log In

Show Comments

Extras

Top Quizzes Today


Score Distribution

Your Account Isn't Verified!

In order to create a playlist on Sporcle, you need to verify the email address you used during registration. Go to your Sporcle Settings to finish the process.

Report this User

Report this user for behavior that violates our Community Guidelines.

Details: